Statistics for Hypixel Skyblock-early game

Click here to take the quiz!

General Stats

  • This quiz has been taken 298 times
    (240 since last reset)
  • The average score is 6 of 7

Answer Stats

HintAnswer% Correct
first armor in the deep cavernslapis
93%
sword that deals 100% to undead monstersundead sword
88%
second armor in the deep cavernsminer
87%
starting minioncobblestone minion
85%
sword that gives you speed for 30 manarogue sword
84%
armor for night visionmushroom
77%
enchanted diamond armorhardened diamond
72%

Score Distribution

Percentile by Number Answered

Percent of People with Each Score

Your Score History

You have not taken this quiz since the last reset